[Event "Morelia/Linares 24th"]
[Site "Morelia/Linares"]
[Date "2007.02.21"]
[Round "4"]
[White "Ivanchuk, Vassily"]
[Black "Carlsen, Magnus"]
[Result "0-1"]
[WhiteElo "2750"]
[BlackElo "2690"]
[Annotator "Marin,Mihail"]
[PlyCount "120"]
[EventDate "2007.02.17"]
[EventType "tourn"]
[EventRounds "14"]
[EventCountry "ESP"]
[EventCategory "20"]
[SourceTitle "CBM 117"]
[Source "ChessBase"]
[SourceDate "2007.03.30"]
[SourceVersion "1"]
[SourceVersionDate "2007.03.30"]
[SourceQuality "1"]

1. d4 Nf6 2. Nf3 e6 3. g3 d5 4. Bg2 b5 {Well, there is no such perfect move order in chess. White has avoided the Queen's Indian with ...a6 and the Catalan with an early ...dxc4, but Black deviates now radically from the long main lines of the Catalan. Just a couple of hours later, I had the occasion to see the following opening in our national championship: 1.d4 f6 2.f3 g6 3.bd2!? d5 4.b4 and White soon obtained a promissing position in Nanu - Grigore. I had not the occasion to ask nanu whether he was inspired by Carlsen's play or if it was a mere coincidence.} 5. Nbd2 ({RR} 5. Ne5 Be7 6. Nd2 Bb7 7. c4 bxc4 8. Ndxc4 c6 9. Nd2 Nbd7 10. Nxd7 Nxd7 11. b3 O-O 12. Bb2 a5 13. O-O Qb6 14. e4 Bf6 15. Kh1 Ba6 16. Re1 Rfd8 17. e5 Be7 18. f4 a4 19. Bc3 c5 {Mikhalevski,V (2632)-Almasi,Z (2667) Heviz 2008 0-1 (70)}) 5... Bb7 6. Nb3 a5 7. Bd2 $146 ({RR} 7. a4 b4 8. O-O Nbd7 9. Bg5 c5 10. c3 bxc3 11. bxc3 Qc7 12. Nfd2 cxd4 13. Nxd4 h6 14. Nb5 Qb6 15. Be3 Bc5 16. Bxc5 Nxc5 17. c4 O-O 18. cxd5 Bxd5 19. Bxd5 Nxd5 20. Nc4 Qa6 21. Rc1 Rfd8 {Munoz Avila,J (2247)-Ajay,K (2442) Roquetas de Mar ESP 2023 0-1 (61)}) ({RR} 7. a4 b4 8. O-O Nbd7 9. Bg5 c5 10. c3 bxc3 11. bxc3 Qc7 12. Nfd2 cxd4 13. Nxd4 h6 14. Nb5 Qb6 15. Be3 Bc5 16. Bxc5 Nxc5 17. c4 O-O 18. cxd5 Bxd5 19. Bxd5 Nxd5 20. Nc4 Qa6 21. Rc1 Rfd8 {Munoz Avila,J (2247)-Ajay,K (2442) Roquetas de Mar ESP 2023 0-1 (61)}) 7... Nc6 8. Nc1 Bd6 9. Nd3 O-O 10. O-O Ne4 11. Be3 b4 12. Re1 Ba6 {White has regrouped his pieces harmoniously, but his central pawns are too passively placed. Black has no problems.} 13. Nfe5 Ne7 14. f3 Nf5 15. Bf4 Nf6 16. c3 Ne7 17. Qd2 bxc3 18. bxc3 Rc8 19. Bg5 Bxd3 20. Nxd3 Nd7 21. e4 c5 22. exd5 exd5 23. Bh3 cxd4 24. cxd4 h6 25. Bf4 Bxf4 26. Nxf4 Rc4 27. Bf1 Rc8 28. Bh3 Rc4 29. Bf1 Rc8 30. Rab1 Nf6 31. Rb5 Nc6 32. Rc5 Qb6 33. Rec1 g5 34. Ne2 Ne5 35. Qc3 Nc4 36. Kh1 Nd7 37. Rxc8 Rxc8 38. Qd3 Nf6 39. Nc3 Qb2 40. Rc2 Qa1 41. Qd1 Qxd1 42. Nxd1 Re8 43. Kg2 Ne3+ 44. Nxe3 Rxe3 45. Kf2 Ra3 46. Bb5 h5 47. Ke2 Kg7 48. Rb2 h4 49. Kf2 hxg3+ 50. hxg3 g4 51. Be2 gxf3 52. Bxf3 a4 53. Rb5 Rxa2+ 54. Ke3 a3 55. Ra5 Ra1 56. Kd2 a2 57. Kc2 Rf1 58. Bd1 Ne4 59. g4 Nf2 60. Rxa2 Rxd1 0-1

[Event "Morelia/Linares 24th"]
[Site "Morelia/Linares"]
[Date "2007.02.22"]
[Round "5"]
[White "Carlsen, Magnus"]
[Black "Topalov, Veselin"]
[Result "1-0"]
[WhiteElo "2690"]
[BlackElo "2783"]
[Annotator "Marin,Mihail"]
[PlyCount "127"]
[EventDate "2007.02.17"]
[EventType "tourn"]
[EventRounds "14"]
[EventCountry "ESP"]
[EventCategory "20"]
[SourceTitle "CBM 117"]
[Source "ChessBase"]
[SourceDate "2007.03.30"]
[SourceVersion "1"]
[SourceVersionDate "2007.03.30"]
[SourceQuality "1"]

1. d4 d5 2. c4 c6 3. Nf3 Nf6 4. Nc3 e6 5. e3 Nbd7 6. Qc2 Bd6 7. b3 O-O 8. Be2 b6 9. O-O Bb7 10. Bb2 Re8 11. Rad1 Qe7 12. Rfe1 Rac8 ({For some reasons, Topalov sticks to this continuation, that had led him to defeat in the second play-off game against Kramnik. From analytical point of view, the variation might be OK, but it will again prove as an "unlucky" choice. The main alternative is} 12... Rad8) 13. e4 (13. Bd3 $5 {Kramnik,V (2743)-Topalov,V (2813)/Elista 2006/CBM 115/[Marin,M] (1-0, 45)}) 13... Nxe4 14. Nxe4 dxe4 15. Qxe4 Bb4 16. Rf1 Ba3 $146 ({Previously, Black played this generally desirable move only after forcing the white queen define its intentions.} 16... Nf6 17. Qh4 Ba3 18. Ba1 c5 19. Ne5 cxd4 20. Rxd4 Rcd8 21. Rf4 Nd7 22. Qg3 Nxe5 23. Bxe5 f5 24. Bh5 Rf8 $13 {Genov,P (2485)-Rmus,A (2310)/Sutomore 2004/CBM 102 ext (0-1, 33)}) ({RR} 16... Bd6 17. Bd3 Nf6 18. Qh4 h6 19. Rfe1 Qf8 20. Nd2 Be7 21. c5 Nd5 22. Qe4 g6 23. Nc4 bxc5 24. dxc5 Bxc5 25. Ne5 Nf6 26. Qf3 Be7 27. Bxg6 fxg6 28. Nxg6 Qg7 29. Nxe7+ Rxe7 30. Bxf6 c5 31. Qxb7 {Nesterov,A (2483)-Tsvetkov,A (2131) Tuapse 2021 1-0 (53)}) ({RR} 16... Bd6 17. Bd3 Nf6 18. Qh4 h6 19. Rfe1 Qf8 20. Nd2 Be7 21. c5 Nd5 22. Qe4 g6 23. Nc4 bxc5 24. dxc5 Bxc5 25. Ne5 Nf6 26. Qf3 Be7 27. Bxg6 fxg6 28. Nxg6 Qg7 29. Nxe7+ Rxe7 30. Bxf6 c5 31. Qxb7 {Nesterov,A (2483)-Tsvetkov,A (2131) Tuapse 2021 1-0 (53)}) 17. Bxa3 Qxa3 18. Qc2 Nf6 19. c5 $5 {This structure is typical for the Catalan opening, but with a very significant difference: by immediately exchanging his passive bishop, Black basically solves his opening problems.} Ba6 20. Bxa6 Qxa6 21. Ne5 Nd5 {Black's control of this central square entirely compensates for White's advantage of development.} 22. Nc4 Red8 23. a3 Rc7 24. Qc1 Ne7 25. Rd2 Nf5 26. Rfd1 b5 27. Ne5 Qc8 28. Rd3 f6 29. Nf3 Rcd7 30. Qf4 Rd5 31. Qe4 Qd7 32. R3d2 {The d4-pawn is not in real danger, but its relative weakness restricts White's possibilities. If the game was played between less ambitious opponents, the most probable result would have been a draw.} h5 33. h4 a5 34. Kf1 Re8 35. Re1 Kf7 36. Red1 Nh6 37. Re1 Re7 38. Qf4 Rf5 39. Qd6 Qc8 ({This looks like an attempt to play for a win, but also a bit like playing with fire.} 39... Qxd6 40. cxd6 Rd7 41. Rc1 Rxd6 42. Rdc2 {would have led to approximate equality.}) 40. Rde2 $6 ({Carlsen misses the possibility of a thematic pawn break:} 40. d5 $5 {followed by d4, when Black's army would have been rather poorly coordinated.} Rxd5 (40... cxd5 41. Nd4 Re5 42. Rxe5 fxe5 43. Nc6 Rc7 44. Nxe5+ Kg8 45. b4 $16) 41. Rxd5 cxd5 42. Nd4 {Black's whole queeside is in danger, while the central mass of pawns cannot be advanced easily. Another source of danger is the strong c-pawn, sustained by practically all White's pieces.} b4 43. axb4 (43. a4 $16) 43... axb4 44. c6 $16) 40... Rd5 41. Qf4 Nf5 42. Re4 Rd8 $11 43. g4 $6 {With light-squared bishops on board, this would have been a decissive attack already, because White's bishop would have largely contributed to creating decissive threats. The way it is, Black has reliable stability on light squares, ensuring him against immediate dangers. In the long run, White faces the risk of getting a ruined pawn structure, which makes his decision quite questionable.} hxg4 44. Qxg4 Qd7 $5 ({An ambitious approach. Instead of preventing White's planned attack, Black starts a powerful counterplay on light squares. He could have immediately taken the h-pawn under control with} 44... Rh8 {and if} 45. h5 {then} Qd7 (45... Rh6 $2 {unexpectedely offers White a crushing attack after} 46. Qxf5 $1 exf5 47. Rxe7+ Kf8 48. Nh4 $1 $18)) 45. h5 Kg8 ({Here, too,} 45... Rh8 {could have been played.}) 46. Kg2 Qd5 {The queen's planned incursion to b3 is very unpleasant for White, who's attack has not really started yet.} 47. Qg6 Rf8 ({As pointed out by Jacob Aagaard,} 47... Qxb3 {was entirely possible, not so much for the sake of the pawn, but with the intention of submitting White's arrierguard to some unpleasant pressure, for instance} 48. h6 (48. Rg4 Kf8 $1 {Aagaard}) 48... Qd3 49. Rg4 $2 Rxd4 $3 $19 {Aagaard. The point is that} 50. Nxd4 {loses the queen to} Nh4+) 48. h6 Qd8 $2 (48... Nxh6 $2 49. Rh4 Nf5 (49... Kh8 50. Reh1 $18) 50. Rh5 $1 $18 {followed by h1.}) (48... Qxb3 $5) 49. d5 $5 ({Better later than never! White intends to distract the enemy queen from the defence of the kingside. The immediate} 49. Rg4 $6 {would have been adequately met by} Qe8) ({At the same time,} 49. Rxe6 $6 Qd5 $1 {would have left White with problems of coordination because of the threat ...h4+.}) 49... Qxd5 50. Rg4 $40 Qd7 ({This regrouping will fail to absolve Black from problems, but} 50... Qxb3 {was bad, too.} 51. Rh1 Ref7 ({This move is more or less necesaary because in case of the more natural} 51... Qd5 $2 {White has a fantastic combination at his disposal:} 52. Qh7+ $3 Kxh7 53. hxg7+ {followed by mate.}) 52. Rh5 {White has put up enormous pressure against the enemy king's position. Black is lost, for instance} Qc2 (52... b4 53. hxg7 Rxg7 54. Qh7+ Kf7 55. Ne5+ $1 fxe5 56. Rxf5+ $18) 53. hxg7 Ne3+ (53... Rxg7 54. Qh7+ Kf7 55. Rxg7+ Nxg7 56. Qxc2 $18) 54. Kh3 Qxg6 55. gxf8=Q+ Kxf8 56. Rxg6 $18) 51. Rh1 Qe8 52. hxg7 Rxg7 53. Qh7+ Kf7 54. Rxg7+ Nxg7 55. Rh6 ({When attacking, the natural tendency is to move the pieces "forward". However, chess geometry is special. Here,} 55. Nd2 {would have been the start of the knights marching forward to d6. Black would have faced a difficult defensive task.}) 55... Qd8 56. Qg6+ Kg8 57. Qh7+ Kf7 58. Qg6+ Kg8 59. Rh7 Qd7 60. Nd2 {The same comment as after the 49th move applies here. It seems that the young Norvegian prodigee is able to learn from his own mistakes at breathtaking speed....} f5 61. Nf3 Rf6 62. Qxf6 Kxh7 63. Ng5+ Kg8 64. Qg6 ({The position looks so joyless for Black, that Topalov resigned. He probably saw that he has no perpetual after} 64. Qg6 Qd5+ 65. f3 {but obviously missed that after} e5 {the queen's access to g8 is opened. After} 66. Qh7+ Kf8 67. Qh8+ Qg8 {White has nothing better than take a draw by perpetual with} 68. Nh7+) 1-0

[Event "Morelia/Linares 24th"]
[Site "Morelia/Linares"]
[Date "2007.02.24"]
[Round "6"]
[White "Carlsen, Magnus"]
[Black "Leko, Peter"]
[Result "1/2-1/2"]
[WhiteElo "2690"]
[BlackElo "2749"]
[Annotator "Marin,Mihail"]
[PlyCount "40"]
[EventDate "2007.02.17"]
[EventType "tourn"]
[EventRounds "14"]
[EventCountry "ESP"]
[EventCategory "20"]
[SourceTitle "CBM 117"]
[Source "ChessBase"]
[SourceDate "2007.03.30"]
[SourceVersion "1"]
[SourceVersionDate "2007.03.30"]
[SourceQuality "1"]

1. d4 d5 2. c4 c6 3. Nf3 Nf6 4. Nc3 e6 5. e3 Nbd7 6. Qc2 Bd6 7. b3 O-O 8. Be2 b6 9. Bb2 ({RR} 9. O-O Bb7 {½-½ (20) Kanarek,M (2520)-Bukavshin,I (2657) Yerevan 2015}) ({RR} 9. O-O Bb7 {½-½ (19) Radjabov,T (2748)-Carlsen,M (2843) Shamkir 2018}) 9... Bb7 10. O-O Qe7 11. Rad1 Rad8 {This is the most natural way to develop the queen's rook. One round earlier, Topalov preferred to place it on c8.} 12. Rfe1 Rfe8 13. e4 Nxe4 14. Nxe4 dxe4 15. Qxe4 Bb4 16. Rf1 Bd6 ({This position usually arises through a different move order, with 12.e4 instead of 12.fe1. In this concrete position, the last move clearly shows that Leko does not have the least intention of depose the surprising leader of the tournament. The more ambitious} 16... f5 {is not without drawbacks. After} 17. Qc2 Bd6 18. c5 bxc5 19. dxc5 Bxc5 20. Bc4 {White obtained excellent compensation for the sacrificed pawn, in view of the weakness of the dark squares from Black's camp, Rustemov-Gurevich, Copenhagen 2001.}) 17. Rfe1 {A brave decision dictated by the impetuosity of youth. Previously, 17.d3 and 17.e5 have been tried.} Bb4 18. Rf1 Bd6 19. Rfe1 Bb4 {Excellent fighting spirit! Black could have claimed a draw by repetition already, but he prefers to continue this fierce duel of nerves for a while.} 20. Rf1 Bd6 $146 1/2-1/2

[Event "Morelia/Linares 24th"]
[Site "Morelia/Linares"]
[Date "2007.03.03"]
[Round "9"]
[White "Carlsen, Magnus"]
[Black "Aronian, Levon"]
[Result "1/2-1/2"]
[WhiteElo "2690"]
[BlackElo "2744"]
[Annotator "Marin,Mihail"]
[PlyCount "56"]
[EventDate "2007.02.17"]
[EventType "tourn"]
[EventRounds "14"]
[EventCountry "ESP"]
[EventCategory "20"]
[SourceTitle "CBM 117"]
[Source "ChessBase"]
[SourceDate "2007.03.30"]
[SourceVersion "1"]
[SourceVersionDate "2007.03.30"]
[SourceQuality "1"]

1. d4 {Marin,Mihail} Nf6 2. c4 e6 3. Nf3 b6 4. g3 Ba6 5. b3 Bb4+ 6. Bd2 Be7 7. Bg2 c6 8. Bc3 d5 9. Ne5 Nfd7 10. Nxd7 Nxd7 11. Nd2 O-O 12. O-O Rc8 ({RR} 12... Nf6) 13. e4 c5 14. exd5 exd5 15. dxc5 dxc4 16. c6 cxb3 17. Re1 b2 18. Bxb2 Nc5 19. Nb3 ({RR} 19. Nc4 Bxc4 20. Qg4 Bg5 21. Qxc4 Nd3 22. Ba3 Nxe1 23. Rxe1 Re8 24. Rxe8+ Qxe8 25. Bd5) 19... Nd3 20. Re2 Nxb2 ({RR} 20... Bb4) 21. Rxb2 Qxd1+ 22. Rxd1 Rfd8 ({RR} 22... Bf6) 23. Rbd2 Rxd2 24. Rxd2 Rd8 25. Rxd8+ Bxd8 26. Nd4 Bc4 27. Bf1 $146 ({Not really creative. In the game Topalov-Leko, played just days earlier in Morelia, White chose} 27. a4 Kf8 28. Nb5 {which left White with "the symbolically better side of a dead drawn position". Carlsen is not that ambitious and forces an immediate repetition of moves.}) ({RR} 27. a4 Kf8 28. Nb5 Bxb5 29. axb5 Ke7 30. f4 Bc7 31. Kf2 h6 32. h4 f5 33. h5 Kf6 34. Bf1 Bd6 35. Ke3 Bc7 36. Kd4 Bd6 37. Kd5 Bc7 38. Bd3 Bb8 39. Bc2 {½-½ (39) Topalov,V (2783)-Leko,P (2749) Morelia/Linares 2007 CBM 117 [Marin,Mihail]}) 27... Bd5 ({Not} 27... Bxa2 $2 {because of} 28. Nb5 {winning a piece after 29.c7.}) 28. Bg2 Bc4 1/2-1/2

[Event "Morelia/Linares 24th"]
[Site "Morelia/Linares"]
[Date "2007.03.06"]
[Round "11"]
[White "Carlsen, Magnus"]
[Black "Ivanchuk, Vassily"]
[Result "1-0"]
[WhiteElo "2690"]
[BlackElo "2750"]
[Annotator "Carlsen,Magnus"]
[PlyCount "69"]
[EventDate "2007.02.17"]
[EventType "tourn"]
[EventRounds "14"]
[EventCountry "ESP"]
[EventCategory "20"]
[SourceTitle "CBM 118"]
[Source "ChessBase"]
[SourceDate "2007.05.31"]
[SourceVersion "1"]
[SourceVersionDate "2007.05.31"]
[SourceQuality "1"]

{This game was played in the 11th round, right after I had lost the very important game against Anand. I played for a win, but as usual I did not expect very much.} 1. d4 Nf6 2. c4 g6 3. Nc3 d5 4. cxd5 Nxd5 5. e4 Nxc3 6. bxc3 Bg7 7. Bc4 c5 8. Ne2 Nc6 9. Be3 O-O 10. O-O Na5 11. Bd3 b6 {Ivanchuk chose this variation against Nielsen in Monaco, after which Nielsen replied:} 12. Rc1 (12. Qd2 $6 e5 {After which Nielsen was gradually outplayed (although he saved a draw in the end).}) 12... cxd4 {This move, opening the c-file right after White has played c1 doesn't look very good, but it is part of a setup.} 13. cxd4 e6 {Before developing the bishop on b7, Black wants to prevent d5. This move does, however, create some weaknesses on the dark squares around the black king.} 14. Qd2 Bb7 15. h4 {This move has long been considered the best move here. The h4 pawn is obviously immune.} Qe7 $6 {This is just a bit too indifferent in my opinion.} (15... Nc6 {Is the main continuation, after which} 16. e5 {Is quite interesting, and probably quite promising for White.}) ({RR} 15... Qd7 16. h5 Rfc8 17. h6 Bf8 18. Bg5 Rxc1 19. Rxc1 Rc8 20. Rxc8 Qxc8 21. Ng3 Nc6 22. Bf6 Nb8 23. Bg5 Nc6 24. Bf6 Nb8 25. Bg5 Nc6 {½-½ (25) Giri,A (2769)-Wei,Y (2725) Jerusalem 2019}) ({RR} 15... Qd7 16. h5 Rfc8 17. h6 Bf8 18. Ng3 Rxc1 19. Rxc1 Rc8 20. Rd1 Nc4 21. Bxc4 Rxc4 22. d5 e5 23. f3 Bd6 24. Nf1 Qa4 25. Bf2 Rc2 26. Qd3 Qxa2 27. Rd2 Rxd2 28. Nxd2 Qa1+ 29. Kh2 Qc1 30. Be3 {De Winter,A (2460)-Braun,C (2390) Maastricht NED 2025 ½-½ (35)}) 16. h5 Rfc8 17. e5 $1 {This is apparently a novelty, but quite a logical one, as to create play on the dark squares on the kingside is whites plan here.} Rxc1 $146 {This looks like a very bad plan to me.} (17... Nc6 {should probably have been tried, I think that Black's first priority here should be to bring the knight back into the game.}) ({RR} 17... Qd8 18. f3 Bd5 19. Bg5 f6 20. Bh6 Nc4 21. Bxc4 Bxc4 22. Bxg7 Kxg7 23. Nf4 fxe5 24. Rxc4 exf4 25. h6+ Kxh6 26. Qxf4+ Qg5 27. Qh2+ Qh5 28. Qf4+ Qg5 29. Qh2+ Kg7 30. Rc7+ Rxc7 31. Qxc7+ Kg8 32. Re1 {Andrews,S-Stone,R (2345) Lansing 1989 ½-½ (37)}) ({RR} 17... Nc6 18. Ng3 Na5 19. Bg5 Qd7 20. Qf4 Rxc1 21. Rxc1 Rc8 22. Rxc8+ Qxc8 23. h6 Bf8 24. Nh5 Qc7 25. Nf6+ Kh8 26. Bb5 Bc6 27. a4 Qb7 28. Nd7 {0-1 (28) Krutko,A (2465)-Vokarev,S (2502) Ekaterinburg 2008}) 18. Rxc1 Rc8 19. Rxc8+ Bxc8 20. Bg5 Qc7 $6 (20... Qd7 {was more resistant, but after f6 it is in any case very hard to believe that Black can survive.}) (20... f6 21. exf6 Bxf6 22. Bxf6 Qxf6 23. hxg6 hxg6 24. Qc2 {Drops a pawn, but the black position is anyway so critical that it may have considered.}) 21. Bf6 Nc6 22. Qg5 h6 {This prevents immediate infiltration, but doesn't help, as after} (22... Nb4 23. Bxg7 Kxg7 24. Qf6+ Kf8 25. Bxg6 $1 hxg6 26. h6 {and wins.}) 23. Qc1 {Black is completely defenceless.} g5 (23... Qd7 24. hxg6 {is clearly no better.}) 24. Bb5 Bd7 25. d5 $1 {By exploiting the pin on the c-file, White wins a piece and the game.} exd5 26. Nd4 Bxf6 27. exf6 Qd6 28. Bxc6 Qxf6 29. Bxd7 Qxd4 30. g3 Qc5 31. Qxc5 bxc5 32. Bc6 d4 33. Bb5 Kf8 34. f4 gxf4 35. gxf4 {After this game had finished I had a strange feeling, since I could not really understand what that had just happened: Without making any particularily spectacular moves I had just beaten one of best players in the world. It seems to me that Ivanchuk must have had an extremely bad day (as it seemed to me, for most of this tournament he played really well).} 1-0

[Event "Morelia/Linares 24th"]
[Site "Morelia/Linares"]
[Date "2007.03.09"]
[Round "13"]
[White "Carlsen, Magnus"]
[Black "Svidler, Peter"]
[Result "1/2-1/2"]
[WhiteElo "2690"]
[BlackElo "2728"]
[Annotator "Marin,Mihail"]
[PlyCount "57"]
[EventDate "2007.02.17"]
[EventType "tourn"]
[EventRounds "14"]
[EventCountry "ESP"]
[EventCategory "20"]
[SourceTitle "CBM 117"]
[Source "ChessBase"]
[SourceDate "2007.03.30"]
[SourceVersion "1"]
[SourceVersionDate "2007.03.30"]
[SourceQuality "1"]

1. d4 Nf6 2. c4 g6 3. Nf3 Bg7 4. g3 c6 5. Bg2 d5 6. Qa4 $5 {If White intends to avoid the symmetrical position arising after the exchange on d5, he usually defends his c-pawn with 6.b3 or 6.b3. However, the game move has also been played and could simply transpose to 6.b3 if Black captures on c4.} O-O 7. O-O Bf5 ({Black takes advantage of the lack of pressure against the b7-pawn to take the important e4-square under control. The attempt to take advantage of the queen's placement on a4 with} 7... Nbd7 {fails to equalize completely, for instance} 8. cxd5 Nb6 9. Qa3 cxd5 ({Now,} 9... Nfxd5 {would be met by} 10. e4 Nc7 11. Nc3 {, consolidating White's advantage of space.}) 10. Nc3 Nc4 11. Qb4 e6 12. Bf4 Re8 13. Ne5 Bf8 14. Qb3 Nd6 15. Bg5 Be7 16. Rfd1 Nf5 {Black has moved arond with thisknight quite a lot. Little wonder that White's development is superior, allowing him obtain a strong initiative with} 17. e4 {, Portisch-Ivkov, Petropolis Interzonal 1973.}) 8. Nc3 Nbd7 9. cxd5 Nb6 10. Qb3 Nfxd5 {Black has not managed to put White's central pawn under pressure, but his development is acceptable and the thematical advance e2-e4 quite difficult to carry out. A typcal position for the Grünfeld.} 11. Rd1 $146 ({RR} 11. Re1 Nxc3 12. bxc3 Be4 13. a4 Qd5 14. Qxd5 cxd5 15. a5 Nc4 16. Nd2 Bxg2 17. Kxg2 Rfc8 18. Nxc4 Rxc4 19. Bd2 Rac8 20. Reb1 R8c7 21. Rb5 e6 22. Rab1 b6 23. axb6 axb6 24. Rxb6 h6 25. Rb7 g5 {Kezin,R (2472)-Drygalov,S (2542) St Petersburg RUS 2024 1-0 (42)}) ({RR} 11. Re1 Nxc3 12. bxc3 Be4 13. Ba3 Re8 14. Bf1 Bxf3 15. exf3 e6 16. Rad1 Qc7 17. h4 h5 18. Bc1 Rac8 19. a4 c5 20. a5 Nd5 21. c4 Nb4 22. d5 exd5 23. cxd5 Rxe1 24. Rxe1 Bd4 25. Bf4 Qd7 {Lou Yiping (2444)-Hong,M (2171) Bengbu CHN 2025 1-0 (38)}) 11... Qd6 12. Bd2 Nxc3 13. Bxc3 Qe6 14. d5 {Under different circumstances (a better development for White), such a pawn break would be advantageous, but here it will just lead to simplifications.} cxd5 15. Bxg7 Kxg7 16. Nd4 Qf6 17. Nxf5+ Qxf5 18. a4 Rfd8 19. a5 Nc4 20. Qxb7 e6 21. e4 dxe4 22. Bxe4 Qe5 23. Bg2 Nxa5 24. Qxa8 Rxa8 25. Bxa8 Qe2 26. Re1 Qd2 27. Red1 Qe2 28. Re1 Qd2 29. Red1 1/2-1/2